BUBT Library Online Catalog

A Farewell to Arms : (Record no. 6848)

000 -LEADER
fixed length control field 00585nam a22002057a 4500
003 - CONTROL NUMBER IDENTIFIER
control field BUBTL
008 - FIXED-LENGTH DATA ELEMENTS--GENERAL INFORMATION
fixed length control field 221201b ||||| |||| 00| 0 eng d
020 ## - INTERNATIONAL STANDARD BOOK NUMBER
International Standard Book Number 8174730990
082 ## - DEWEY DECIMAL CLASSIFICATION NUMBER
Classification number 813.52/ H373f/ 2007
100 ## - MAIN ENTRY--PERSONAL NAME
9 (RLIN) 4896
Personal name Hemingway, Ernest
245 ## - TITLE STATEMENT
Title A Farewell to Arms :
Remainder of title Hemingway Ernest
250 ## - EDITION STATEMENT
Edition statement 1st Edn.
260 ## - PUBLICATION, DISTRIBUTION, ETC. (IMPRINT)
Place of publication, distribution, etc. Delhi
Name of publisher, distributor, etc. A.I.T.B.S. Publishers India
Date of publication, distribution, etc. c2007
300 ## - PHYSICAL DESCRIPTION
Extent 236p. :
Other physical details 18 cm
650 #0 - SUBJECT ADDED ENTRY--TOPICAL TERM
9 (RLIN) 1994
Topical term or geographic name as entry element English Literature
700 ## - ADDED ENTRY--PERSONAL NAME
9 (RLIN) 4896
Personal name Hemingway, Ernest
856 ## - ELECTRONIC LOCATION AND ACCESS
Password 0
Logon 0
Link text Download
942 ## - ADDED ENTRY ELEMENTS (KOHA)
Source of classification or shelving scheme
Koha item type Books
Holdings
Withdrawn status Lost status Source of classification or shelving scheme Damaged status Not for loan Collection code Permanent location Current location Shelving location Date acquired Source of acquisition Inventory number Total Checkouts Full call number Barcode Date last seen Copy number Price effective from Koha item type Date last checked out
        Not For Loan Non-fiction Bangladesh University of Business and Technology Library Bangladesh University of Business and Technology Library English Literature Stacks 04/17/2017 Purchase 23851   813.52/ H373f/ 2007 BUBTL-200323851 12/01/2022 C-1 12/01/2022 Books  
          Non-fiction Bangladesh University of Business and Technology Library Bangladesh University of Business and Technology Library English Literature Stacks 04/17/2017 Purchase 23852   813.52/ H373f/ 2007 BUBTL-200323852 12/01/2022 C-2 12/01/2022 Books  
          Non-fiction Bangladesh University of Business and Technology Library Bangladesh University of Business and Technology Library English Literature Stacks 04/17/2017 Purchase 23853   813.52/ H373f/ 2007 BUBTL-200323853 12/01/2022 C-3 12/01/2022 Books  
          Non-fiction Bangladesh University of Business and Technology Library Bangladesh University of Business and Technology Library English Literature Stacks 04/17/2017 Purchase 23854 2 813.52/ H373f/ 2007 BUBTL-200323854 10/10/2023 C-4 12/01/2022 Books 10/02/2023
          Non-fiction Bangladesh University of Business and Technology Library Bangladesh University of Business and Technology Library English Literature Stacks 04/17/2017 Purchase 23855 2 813.52/ H373f/ 2007 BUBTL-200323855 09/04/2023 C-5 12/01/2022 Books 08/23/2023

More Information About Library

Library Hours

  • Open: 9.00 am. to 9.00 pm.
  • Only Sunday: 9.00 am. to 6.00 pm.
  • Closed: Holiday

Contact to the University

Bangladesh University of Business and Technology Library

  • Mirpurl-2, 1216.
  • Phone:
  • Fax:
  • E-Mail: admin.library@bubt.edu.bd

Contact to the Library

Contact Person:

Md. Abdul Hakim Shah
Joint Librarian
PABX No:  113
Cell No: 01816332931
E-mail: official: admin.library@bubt.edu.bd
Personal: hakim.shah@bubt.edu.bd


BUBT Library

Copyright © 2021